Emerging : (Запис № 492419)
[ простий вигляд ]
| 000 -LEADER | |
|---|---|
| fixed length control field | 01201nam a2200289Ia 4500 |
| 001 - CONTROL NUMBER | |
| control field | emergingonewoman00boyd |
| 003 - CONTROL NUMBER IDENTIFIER | |
| control field | CaSfIA |
| 005 - DATE AND TIME OF LATEST TRANSACTION | |
| control field | 20210118004250.0 |
| 007 - PHYSICAL DESCRIPTION FIXED FIELD--GENERAL INFORMATION | |
| fixed length control field | cr|||| |
| 008 - FIXED-LENGTH DATA ELEMENTS--GENERAL INFORMATION | |
| fixed length control field | 830404s1982 nyu 000 0 eng d |
| 010 ## - LIBRARY OF CONGRESS CONTROL NUMBER | |
| LC control number | 81090623 |
| 040 ## - CATALOGING SOURCE | |
| Original cataloging agency | KFW |
| Transcribing agency | KFW |
| Modifying agency | CaSfIA |
| 020 ## - INTERNATIONAL STANDARD BOOK NUMBER | |
| International Standard Book Number | 0533052572 |
| 020 ## - INTERNATIONAL STANDARD BOOK NUMBER | |
| International Standard Book Number | 9780533052578 |
| 035 ## - SYSTEM CONTROL NUMBER | |
| System control number | (OCoLC)9373794 |
| 092 ## - LOCALLY ASSIGNED DEWEY CALL NUMBER (OCLC) | |
| Classification number | 811.54 |
| Item number | BOYD |
| 100 1# - MAIN ENTRY--PERSONAL NAME | |
| Personal name | Boyd, Evelyn M. |
| 245 10 - TITLE STATEMENT | |
| Title | Emerging : |
| Medium | [electronic resource] |
| Remainder of title | one woman's experience of separation / |
| Statement of responsibility, etc | Evelyn M. Boyd. |
| 250 ## - EDITION STATEMENT | |
| Edition statement | 1st ed. |
| 260 ## - PUBLICATION, DISTRIBUTION, ETC. (IMPRINT) | |
| Place of publication, distribution, etc | New York : |
| Name of publisher, distributor, etc | Vantage, |
| Date of publication, distribution, etc | c1982. |
| 300 ## - PHYSICAL DESCRIPTION | |
| Extent | 101 p. ; |
| Dimensions | 21 cm. |
| 506 ## - RESTRICTIONS ON ACCESS NOTE | |
| Standardized terminology for access restriction | Необхідна авторизація на https://archive.org/ (створення облікового запису безкоштовно) |
| 506 ## - RESTRICTIONS ON ACCESS NOTE | |
| Standardized terminology for access restriction | Необхідна авторизація на https://openlibrary.org/ (створення облікового запису безкоштовно) |
| 856 41 - ELECTRONIC LOCATION AND ACCESS | |
| Uniform Resource Identifier | <a href="http://www.archive.org/details/emergingonewoman00boyd">http://www.archive.org/details/emergingonewoman00boyd</a> |
| Public note | Free eBook from the Internet Archive |
| 856 42 - ELECTRONIC LOCATION AND ACCESS | |
| Uniform Resource Identifier | <a href="http://www.openlibrary.org/books/OL10466873M">http://www.openlibrary.org/books/OL10466873M</a> |
| Public note | Additional information and access via Open Library |
| 942 ## - ADDED ENTRY ELEMENTS (KOHA) | |
| Koha item type | ЕКнига |
Немає доступних примірників.